15 Wealthiest Towns in New Jersey - Statistics

General Stats
  • This quiz has been taken 31 times
    30 since last reset
  • The average score is 5 of 15
Answer Stats
No. Town Income % Correct
12 Rumson $188,906
52%
9 Chatham $192,321
48%
11 Chatham Twp $189,297
48%
2 Millburn $225,227
48%
4 Saddle River $213,958
43%
15 Ridgewood $184,355
38%
5 Essex Fells $213,088
33%
14 Glen Rock $187,000
33%
3 Ho-Ho-Kus $216,875
33%
7 Mendham Twp $196,296
33%
1 Mountain Lakes $241,667
33%
6 Glen Ridge $202,222
29%
13 North Caldwell $187,732
19%
8 Montgomery Twp $195,807
14%
10 Rockleigh $190,833
10%
No matching quizzes found
Score Distribution
Percent of People with Each Score
Percentile by Number Answered
Your Score History
You have not taken this quiz since the last reset